000 00377nam a2200121Ia 4500
008 220214s9999 xx 000 0 und d
100 _aSeyferth Dietmar
245 0 _aHalomethyl-metal compounds I. Preparation of phenyl (Trihalomethyl) mercury compounds
260 _bJournal of Organometallic Chemistry
_c1965
300 _a127-137
700 _aBurlitch James M
942 _cRE
999 _c45524
_d45524